Giáo trình quản trị điều hành

Enregistré dans:
Détails bibliographiques
Auteurs principaux:  Bùi, Văn Danh,  Giáo trình quản trị điều hành
Format: Sách
Langue:Undetermined
Publié:  Đại học Công nghiệp TP. Hồ Chí Minh  2020
Sujets:
Tags: Ajouter un tag
Pas de tags, Soyez le premier à ajouter un tag!
Thư viện lưu trữ: Trung tâm Thư viện - Trường Đại học Công nghiệp TP. Hồ Chí Minh
LEADER 00560nam a2200157Ia 4500
001 UIH_08166
008 241002s9999 xx 000 0 und d
082 |a  658.4 
100 |a  Bùi, Văn Danh 
100 |a  Giáo trình quản trị điều hành 
245 0 |a  Giáo trình quản trị điều hành 
260 |b  Đại học Công nghiệp TP. Hồ Chí Minh 
260 |c  2020 
650 |a Quản lý điều hành 
927 |a Sách 
980 |a Trung tâm Thư viện - Trường Đại học Công nghiệp TP. Hồ Chí Minh